01300nam a22002297a 4500003000900000008004100009040007100050082002500121110005500146245014300201260002800344300004600372440004500418505040400463650002400867650002300891650001000914650003000924700002400954700003700978710005501015AR-CdUCM190425b ||||| |||| 00| 0 spa d aMUNICIPALIDAD PROVINCIAL DEL CUSCOcBIBLIOTECA MUNICIPAL DEL CUSCO aRev.Anto/N°114/2009 aUniversidad Nacional de San Antonio Abad del Cusco aEl Antoniano :bRevista científico cultural de la Universidad Nacional de San Antonio Abad del Cusco /cHugo Bonet Rodríguez, director aCusco :bUNSAAC,c2009. a195 páginas. :bilustraciones ;c29 cm. aEl Antononiano.nAño 19, N°114, 2009. aContenido: Los Colores del Arco Iris. Jorge A. Flores Ochoa. -- Pachamamaman Saminchay. Yris Prado Ormachea, José Luis Estrada. -- Etnografía de la Pesca Tradicional. Leandro Sanz. -- Cosmo visión Andina y Desarrollo Rural. Mario Morveli. -- Machu Picchu Antes de Bingham. Paolo Greer. -- Patrimonio Cultural Inmaterial. Donaldo Pinedo. -- La Casa Concha. Jorge Miguel Zegarra Balcázar...  aFolklore cusqueño aIdentidad cultural aInkas aAntropología cusqueña aFlores Ochoa, Jorge aZegarra Balcázar, Jorge Miguel aUniversidad Nacional de San Antonio Abad del Cusco